000 00569nam a2200241Ia 4500
003 OSt
005 20221007115656.0
006 a|||||r|||| 00| 0
007 ta
008 221006b |||||||| |||| 00| 0 eng d
024 _a37,828
037 _cTextual
040 _aLCO
_cLCO
_beng
041 _2eng
_aeng
082 _aY15:4:6, Q6
100 _aKHAN Nuzhat Parveen
_9694515
245 0 _aWomen and Law
250 _a1st
260 _c2016
300 _a477
942 _hY15:4:6, Q6
_cTEXL
999 _c1207391
_d1207391